Central Library OPAC University of Rajshahi
Normal view MARC view

Entry Personal Name

Number of records used in: 2

001 - CONTROL NUMBER

  • control field: 14986

003 - CONTROL NUMBER IDENTIFIER

  • control field: BD-RjUL

005 - DATE AND TIME OF LATEST TRANSACTION

  • control field: 20250216094654.0

008 - FIXED-LENGTH DATA ELEMENTS

  • fixed length control field: 250216|| aca||aabn | a|a d

040 ## - CATALOGING SOURCE

  • Original cataloging agency: BD-RjUL
  • Transcribing agency: BD-RjUL

100 ## - HEADING--PERSONAL NAME

  • Personal name: Cauz, Jorge Aguilar

670 ## - SOURCE DATA FOUND

  • Source citation: Work cat.: (BD-RjUL)84681: The new Encyclopaedia Britannica /, 2007